00702cam a2200205 a 450000100100000000500170001000800410002704000250006808200160009310000230010924500800013226000380021230000280025049000180027859000260029670000220032283000240034495201130036899900150048100000142420200929145556.0841031s1969 xxua rb 000 0beng  aDO-SdBNPbspacBNPHU axxxxbB496f1 aBerger, John9473710aA fortunate man :bthe story of a country doctor /cJohn Berger, Jean Mohr. aNew York :bPenguin Books,c1969. a157 p. :bil. ;c22 cm.1 aPenguinv2931 aInventariado, 2019/BT1 aMohr, Jean.94738 0aPenguinn293194739 001050718MOaGRbGRcHDd2009-09-22iLF1l0oxxxx B496fp1424-10r2020-06-25w2020-06-25y1ZNo se presta c1341d1341